00315nam a22001457a 450000500170000002000180001704100120003508200160004710000270006324500190009025000070010926000340011630000080015036500110015820260616135910.0 a9789355273222 aEnglish aT13 R23 BHA aBharathiar Subramaniya aKathaik Kotthu a01 aChennaibMJP Publishersc2023 a205 b475.00